| 000 | 01271nam a2200277 u 4500 | ||
|---|---|---|---|
| 005 | 20160413171919.0 | ||
| 008 | 160413s2016 ck ad fr|||| 00| 0 spa d | ||
| 020 | _a9789588927152 | ||
| 040 |
_aCO-BoIAVH _cCO-BoIAVH |
||
| 041 | 0 | _aspa | |
| 044 | _ack | ||
| 082 | 0 | 4 |
_a333.72 _bB45v |
| 100 | 1 | _aBenavides Ladino, Gustavo Fidel | |
| 245 | 1 | 0 |
_aVisión de visiones del desarrollo de los Llanos Orientales : _bLas voces de los territorios / _cGustavo Fidel Benavides Ladino, Marco Aurelio Torres Mora y Sandra Liliana Parada Guevara |
| 260 |
_aBogotá : _bUniversidad de los Llanos : _bEcopetrol, _c2016. |
||
| 300 |
_a252 páginas : _bilustraciones a color, tablas y gráficas a color ; _c28 x 22 centímetros |
||
| 504 | _aIncluye referencias bibliográficas. | ||
| 650 | 6 |
_aDesarrollo sostenible _zOrinoquia (Región, Colombia) |
|
| 650 | 4 |
_aTerritorialidad _zOrinoquia (Región, Colombia) |
|
| 650 | 6 |
_aBiodiversidad _zOrinoquia (Región, Colombia) |
|
| 650 | 6 |
_aHidrobiología _xpolítica _zOrinoquia (Región, Colombia) |
|
| 662 |
_aColombia _bOrinoquia (Región) _cCuenca del Orinoco |
||
| 700 | 1 |
_aTorres-Mora, Marco Aurelio _eautor |
|
| 700 | 1 |
_aParada-Guevara, Sandra Liliana _eautora |
|
| 942 |
_2ddc _cLIBRO |
||
| 999 |
_c18284 _d18284 |
||